000 00291nam a22001337a 4500
008 170912b xxu||||| |||| 00| 0 eng d
020 _a9780030237980
041 _aeng
080 _25 ED
_a53
100 _a43
101 _aFIZ
245 _aCOLLEGE PHYSICS
_cFAUGHN.S
942 _2udc
_cBK
999 _c27378
_d27378